000 00354nam a22001457a 4500
008 210225b ||||| |||| 00| 0 eng d
020 _a2900077862328
041 _aeng
080 _a336.2
082 _a336.2
100 _a55
101 _aTAK
245 _aPrinciples of Taxation for Bussines and Investment Planning
_cJones, S.M
942 _2udc
_cBK
999 _c55245
_d55245